LIBRARY & INFORMATION CENTRE, KCAET, TAVANUR

ONLINE PUBLIC ACCESS CATALOGUE (OPAC)

Flora of the Presidency of Madras Vol.1 (Record no. 19406)

MARC details
000 -LEADER
fixed length control field 00372nam a22001577a 4500
003 - CONTROL NUMBER IDENTIFIER
control field OSt
008 - FIXED-LENGTH DATA ELEMENTS--GENERAL INFORMATION
fixed length control field 250218b |||||||| |||| 00| 0 eng d
041 ## - LANGUAGE CODE
Language code of text/sound track or separate title eng
082 ## - DEWEY DECIMAL CLASSIFICATION NUMBER
Classification number 581.4
Item number GAM/FL
100 ## - MAIN ENTRY--AUTHOR NAME
Personal name Gamble, JS
245 ## - TITLE STATEMENT
Title Flora of the Presidency of Madras Vol.1
250 ## - EDITION STATEMENT
Edition statement Ist
260 ## - PUBLICATION, DISTRIBUTION, ETC. (IMPRINT)
Place of publication London:
Name of publisher Adlard & Sons,
Year of publication 1995.
300 ## - PHYSICAL DESCRIPTION
Number of Pages 577p.
942 ## - ADDED ENTRY ELEMENTS (KOHA)
Koha item type Books
Holdings
Withdrawn status Lost status Damaged status Home library Current library Date acquired Source of acquisition Cost, normal purchase price Full call number Accession Number Koha item type
      KAUAET KAUAET 18/02/2025 Current Books, Thrissur 900.00 581.4 GAM/FL 20099 Books
free website counter